सत्ता संस्कृति और दलित सौंदर्यशास्त्र (Record no. 1010543)

MARC details
000 -LEADER
fixed length control field 01013nam a2200253Ia 4500
003 - CONTROL NUMBER IDENTIFIER
control field OSt
005 - DATE AND TIME OF LATEST TRANSACTION
control field 20221005103648.0
008 - FIXED-LENGTH DATA ELEMENTS--GENERAL INFORMATION
fixed length control field 221004b |||||||| |||| 00| 0 hin d
020 ## - INTERNATIONAL STANDARD BOOK NUMBER
International Standard Book Number 9788179753156 (hbk)
037 ## - SOURCE OF ACQUISITION
Terms of availability Textual
040 ## - CATALOGING SOURCE
Original cataloging agency CRL
Transcribing agency CRL
Language of cataloging hin
041 ## - LANGUAGE CODE
Source of code hin
Language code of text/sound track or separate title hin
100 ## - MAIN ENTRY--PERSONAL NAME
Personal name बड़त्या, सूरज
245 #0 - TITLE STATEMENT
Title सत्ता संस्कृति और दलित सौंदर्यशास्त्र
246 ## - VARYING FORM OF TITLE
Title proper/short title Sattā sanskṛuti aur dalit sauandaryashāstra
260 ## - PUBLICATION, DISTRIBUTION, ETC.
Place of publication, distribution, etc. दिल्ली
Name of publisher, distributor, etc. अनामिका पब्लिर्शस भारत
Date of publication, distribution, etc. 2010
300 ## - PHYSICAL DESCRIPTION
Extent 218पृ0
Dimensions cm.
942 ## - ADDED ENTRY ELEMENTS (KOHA)
Classification part Y5927.2, 152Q0
Koha item type Textual
Source of classification or shelving scheme
Holdings
Withdrawn status Lost status Damaged status Not for loan Home library Current library Date acquired Source of acquisition Cost, normal purchase price Total Checkouts Full call number Barcode Date last seen Cost, replacement price Price effective from Koha item type
        Central Library Central Library 2022-10-05 IN1037, 17/03/2011, Anamika Publishers & Distributors Pvt. Ltd. 400.00   Y5927.2 152Q0 CL1430669 2022-10-05 400.00 2022-10-05 Textual
Copyright @ Delhi University Library System